00548nam a22001577a 450000500170000001000150001702000260003203500150005803700130007308200130008610000200009924500850011926000480020427000800025230000580033220221227111208.0 aENG-135948 a9789390961667c695.00 aEN-1194580 bDBAD/PUB a270.0954 aJohn, Fr Thomas aTribes of Nagaland And The Catholic Church:bA Journey Together/cFr Thomas John aNew DelhibVitasta Publishing Pvt Ltdc2023 a2/15, Ansari Road, DaryaganjbNew Delhie110002minfo@vitastapublishing.com axi, 443p. bReferences, Appendix, Glossaryc22cm(pbk)